000
00252nam a22001097a 4500
008
170126b xxu||||| |||| 00| 0 eng d
020
_a
9780071600231
041
_a
eng
080
_2
2ND
_a
61
245
_a
CASE FILES FAMILY MEDICINE
_c
TOY
942
_2
udc
_c
BK
999
_c
3707
_d
3707